| 000 | 00997nam a2200277Ia 4500 | ||
|---|---|---|---|
| 003 | OSt | ||
| 005 | 20221005092332.0 | ||
| 006 | a|||||r|||| 00| 0 | ||
| 007 | ta | ||
| 008 | 221004b |||||||| |||| 00| 0 eng d | ||
| 020 |
_a9780367418335 (pbk) _cUKP 34.99 |
||
| 024 | _a71794 | ||
| 037 |
_b1283, 22/02/2022, Indica Publishers & Distributors Pvt. Ltd. _cTextual |
||
| 040 |
_aCRL _cCRL _beng |
||
| 041 |
_2eng _aeng |
||
| 082 | _aS8, R0 | ||
| 100 | _aForgas Joseph P. Ed. | ||
| 245 | 0 |
_aApplications of social psychology _b how social psychology can contribute to the solution of real-world problems |
|
| 260 |
_aNew York _bRoutledge USA _c2020 |
||
| 300 |
_axx,360p. _ccm. |
||
| 650 | _aSOCIAL PSYCHOLOGY | ||
| 700 |
_a Crano William Ed. _9617159 |
||
| 700 |
_a Fiedler Klaus Ed. _969097 |
||
| 942 |
_hS8, R0 _cTEXL _2cc |
||
| 999 |
_c998680 _d998680 |
||